Antologie textů z díla Maxe Webera /

Hlavní autor: Weber, Max, 1864-1920
Další autoři: Urbánek, Eduard, 1931-1998
Jazyk: Čeština
Vydáno: Praha : SPN, 1969
Vydání: 1. vyd.
Edice: Učební texty vysokých škol
Témata:
Fyzický popis: 76 s.
Knihy
Uloženo v:
LEADER 00796nam a22002292a 4500
001 000048571
003 CZ BrMZK
005 19951201143423.0
008 951201s1969 xr f cze d
040 |a BOA001  |b cze 
100 1 |a Weber, Max,  |d 1864-1920  |7 jn19990008962 
245 1 0 |a Antologie textů z díla Maxe Webera /  |c Max Weber ; redakce: Eduard Urbánek 
250 |a 1. vyd. 
260 |a Praha :  |b SPN,  |c 1969 
300 |a 76 s. 
490 1 |a Učební texty vysokých škol 
700 1 |a Urbánek, Eduard,  |d 1931-1998  |7 jk01140847 
830 0 |a Učební texty vysokých škol 
910 |a BOA001  |b PK-N-0011.989 
964 |a Sociologie - antologie - učebnice - školy vysoké 
990 |a BK 
996 7 |b 3119981027  |c PK-N-0011.989  |l MZK  |r Sklad / do 1 hodiny  |n 51  |w 000048571  |u 000010  |a 1  |e BOA001  |j MZK50  |s A